000 00636nam a2200241Ia 4500
003 OSt
005 20221007074247.0
006 a|||||r|||| 00| 0
007 ta
008 221006b |||||||| |||| 00| 0 eng d
024 _a14,410
037 _cTextual
040 _aFLL
_cFLL
_beng
041 _2eng
_aeng
082 _aX:8:Z73, K1
100 _aVotaw Dow
245 0 _aLegal aspects of business administration
250 _a3rd
260 _aN.J.
_bPretice-Hall, Inc./Englewood Cliffs, N.J.
_c1961
300 _axiii,962p
_ccm.
942 _hX:8:Z73, K1
_cTEXL
_2CC
999 _c1151731
_d1151731